Państwa leżące najbliżej Wietnamu - Statystyki

Ogólne statystyki
  • Ten quiz został rozwiązany 3 611 razy
  • Średni wynik to 18 z 20
Statystyki odpowiedzi
km Państwo % Poprawnych
0 Chiny
99%
725 Indie
97%
600 Indonezja
95%
0 Laos
95%
104 Tajlandia
95%
1558 Japonia
94%
0 Kambodża
92%
2221 Korea Południowa
92%
390 Malezja
90%
2405 Korea Północna
88%
126 Mjanma
88%
1492 Nepal
88%
805 Singapur
86%
985 Bangladesz
84%
1131 Bhutan
84%
945 Filipiny
84%
1088 Tajwan
84%
2026 Mongolia
83%
2439 Sri Lanka
79%
956 Brunei
73%
Nie znaleziono quizów pasujących do podanych kryteriów
Rozkład punktacji
Procent ludzi z każdym wynikiem
Percentyl według liczby udzielonych odpowiedzi
Twoja historia wyników
Nie rozwiązałeś tego quizu